Statistics for Name a Valid Country #6

Click here to take the quiz!

General Stats

  • This quiz has been taken 1,598 times
    (1,511 since last reset)
  • The average score is 14 of 20

Answer Stats

Name a country...Answer% Correct
with at least 200 nuclear warheadsChina | France | Russia | United Kingdom | United States
98%
that is majority Muslim and in EuropeAlbania | Bosnia and Herzegovina | Kosovo
91%
that has been visited by a US president at least 30 timesCanada | France | Italy | Mexico | United Kingdom
87%
that borders IndonesiaEast Timor | Malaysia | Papua New Guinea
86%
with at least 2 million KurdsIran | Iraq | Syria | Turkey
84%
that is not recognized by at least one UN memberArmenia | China | Cyprus | Israel | Kosovo |
North Korea | South Korea | Taiwan
84%
scheduled to host the Olympics in the futureChina | France | Italy | Japan | United States
82%
with a major city named HyderabadIndia | Pakistan
76%
in MelanesiaFiji | France | Indonesia | Papua New Guinea |
Solomon Islands | Vanuatu
70%
that is in the Schengen Area, but not the European UnionIceland | Liechtenstein | Norway | Switzerland
69%
within one degree of the Equator, but not crossed by itPeru | Kiribati | Maldives | Nauru | Venezuela |
Malaysia | Equatorial Guinea | Tanzania
68%
that was two different countries in 1970Germany | Vietnam | Yemen
65%
that eats more than 20 grams of fish per dayIceland | Kiribati | Maldives
64%
whose capital is at least 1000 miles from the oceanKazakhstan | Kyrgyzstan | Uzbekistan
64%
whose flag is at least 50% yellowBrunei | Colombia | Ukraine | Vatican City
64%
that borders Lake TanganyikaBurundi | D. R. Congo | Tanzania | Zambia
59%
with large parts of the Carpathian MountainsHungary | Poland | Slovakia | Romania | Ukraine
53%
whose capital starts with GBotswana | Burundi | Guatemala | Guyana
51%
ending in a unique letterBangladesh | Denmark | Iraq | Luxembourg
48%
that the Limpopo River flows throughBotswana | Mozambique | South Africa | Zimbabwe
35%

Score Distribution

Percentile by Number Answered

Percent of People with Each Score

Your Score History

You have not taken this quiz since the last reset